000 00647nam a2200253Ia 4500
003 OSt
005 20221005081140.0
006 a|||||r|||| 00| 0
007 ta
008 221004b |||||||| |||| 00| 0 eng d
024 _a53009
037 _cTextual
040 _aCRL
_cCRL
_beng
041 _2eng
_aeng
082 _aR3, M2
100 _aShaffer Jerome A
245 0 _aPhilosophy of mind
260 _aNew Delhi
_bPrentice Hall of India
_c1982
300 _a117p
_ccm.
490 _aFoundations of philosophy, 1982
650 _aPHILOSOPHY
942 _hR3, M2
_cTEXL
_2cc
999 _c987270
_d987270